Word Biblical commentary : (Record no. 24112)
[ view plain ]
| 000 -LEADER | |
|---|---|
| fixed length control field | 00992nam a22002777a 4500 |
| 003 - CONTROL NUMBER IDENTIFIER | |
| control field | AUA.1 |
| 005 - DATE AND TIME OF LATEST TRANSACTION | |
| control field | 20240112082745.0 |
| 008 - FIXED-LENGTH DATA ELEMENTS--GENERAL INFORMATION | |
| fixed length control field | 111222t xxu||||| |||| 00| 0 eng d |
| 010 ## - LIBRARY OF CONGRESS CONTROL NUMBER | |
| LC control number | 8171768 |
| 020 ## - INTERNATIONAL STANDARD BOOK NUMBER | |
| International Standard Book Number | 9780849902017 |
| 040 ## - CATALOGING SOURCE | |
| Transcribing agency | F |
| 050 ## - LIBRARY OF CONGRESS CALL NUMBER | |
| Classification number | BS 491.2 |
| Item number | .W67 1994 |
| 100 ## - MAIN ENTRY--PERSONAL NAME | |
| Personal name | Wenham, Gordon J. |
| 9 (RLIN) | 18357 |
| 245 ## - TITLE STATEMENT | |
| Title | Word Biblical commentary : |
| Remainder of title | Genesis 16-50 / |
| Statement of responsibility, etc | Gordon Wenham |
| 260 ## - PUBLICATION, DISTRIBUTION, ETC. (IMPRINT) | |
| Place of publication, distribution, etc | Dallas, Tex., |
| Name of publisher, distributor, etc | Word Books, |
| Date of publication, distribution, etc | c 1994 |
| 300 ## - PHYSICAL DESCRIPTION | |
| Extent | xxxviii, 517 p. : |
| Dimensions | 24 cm |
| 440 ## - SERIES STATEMENT/ADDED ENTRY--TITLE | |
| Title | Word Biblical commentary |
| Number of part/section of a work | v. 2 |
| 9 (RLIN) | 48877 |
| 504 ## - BIBLIOGRAPHY, ETC. NOTE | |
| Bibliography, etc | Include bibliography and index. |
| 650 ## - SUBJECT ADDED ENTRY--TOPICAL TERM | |
| Topical term or geographic name as entry element | Word Biblical commentary: |
| Form subdivision | Genesis 16-50 |
| General subdivision | Bible |
| Chronological subdivision | commentaries |
| 9 (RLIN) | 18358 |
| 650 ## - SUBJECT ADDED ENTRY--TOPICAL TERM | |
| Form subdivision | Bible |
| General subdivision | Study and interpretation of the Old Testament |
| 700 ## - ADDED ENTRY--PERSONAL NAME | |
| Personal name | Hubbard, David A. |
| Relator code | General ed. |
| 9 (RLIN) | 48847 |
| 700 ## - ADDED ENTRY--PERSONAL NAME | |
| Personal name | Barker, Glenn W. |
| Relator code | General ed. |
| 9 (RLIN) | 48848 |
| 700 ## - ADDED ENTRY--PERSONAL NAME | |
| Personal name | Watts, John D. |
| 700 ## - ADDED ENTRY--PERSONAL NAME | |
| Personal name | Martin, Ralph P. |
| Relator code | New Testament ed. |
| 9 (RLIN) | 48850 |
| 942 ## - ADDED ENTRY ELEMENTS (KOHA) | |
| Source of classification or shelving scheme | Library of Congress Classification |
| Koha item type | Reference Book |
| Classification part | BS 491.2 |
| Item part | .W67 1994 |
| Withdrawn status | Lost status | Source of classification or shelving scheme | Damaged status | Not for loan | Collection code | Home library | Current library | Shelving location | Date acquired | Source of acquisition | Cost, normal purchase price | Serial Enumeration / chronology | Total Checkouts | Full call number | Barcode | Date last seen | Copy number | Cost, replacement price | Price effective from | Koha item type | Date checked out |
|---|---|---|---|---|---|---|---|---|---|---|---|---|---|---|---|---|---|---|---|---|---|
| Library of Congress Classification | Reference Shelves | Judith Thomas Library | Judith Thomas Library | Reference Books | 20/12/2011 | Donation, Biblical Research Institute | 25.00 | AUA006121 | BS 491.2 .W67 1994 | AUA006121 | 20/12/2011 | v.2 | 25.00 | 20/12/2011 | Reference Book | ||||||
| Library of Congress Classification | Reference Shelves | Judith Thomas Library | Judith Thomas Library | Reference Books | 26/07/2016 | Bought by JTL | 30.76 | AUA018199 | 1 | BS 491.2 .W67 2000 | AUA018199 | 12/06/2025 | v.2 | 30.76 | 26/07/2016 | Reference Book | 11/06/2025 |